• 首页
  • 本馆介绍
  • 公告通知
  • 最新文献
  • 馆藏检索
  • 电子资源
  • 读者导购
  • 参考咨询
  • 我的图书馆
  • 登录
  • 详细信息显示
  • 放入我的书架
  • 预约/预借图书
  • 作者相关作品
  • 分类相关作品
  • 丛书相关作品
  • 出版社相关作品

书目信息

  • 表格格式
  • 工作单格式
  • 卡片格式
题名:
铁电物理学导论
    
 
作者: 三井利夫 著 ;倪冠军 译
分册:  
出版信息: 北京   科学出版社  1983
页数: 352页
开本: 19cm
丛书名:
单 册:
中图分类: O738
科图分类:
主题词: 晶体物理学-铁电体 , 铁电体-晶体物理学
电子资源:
ISBN:
000 00730nam0 2200265 45
001 0183006312
005 20040520113313.9
010    @dCNY1.75
091    @a13031.2316
100    @a19950726d1983 emky0chiy0121 ea
101 1  @achi@cjpn
102    @aCN@b110000
105    @ay z 000yy
106    @ar
200 10 @a铁电物理学导论@Atie dian wu li xue dao lun@f(日)三井利夫著@g倪冠军译
210    @a北京@c科学出版社@d1983
215    @a352页@d19cm
606    @a晶体物理学-铁电体
606    @a铁电体-晶体物理学
690    @aO738@v3
701  1 @a三井利夫@Asan jing li fu@4著
702  0 @a倪冠军@Ani guan jun@4译
801  0 @aCN@b上海图书馆@c20040520
801  2 @aCN@bNLC@c20040520
905    @f1@b93279@dO738@e1@b93280@f1
    
    铁电物理学导论/(日)三井利夫著/倪冠军译.-北京:科学出版社,1983
    352页;19cm
    
    
    ISBN :CNY1.75
    
●
相关链接 在E读中查询图书 在五车中查询图书 在当当中查询图书 在豆瓣中查询图书


正题名:铁电物理学导论     索取号:O738/1         预约/预借

序号 登录号 条形码 馆藏地/架位号 状态 备注
1 0093279   000627548   第三借阅区/ [索取号:O738/1] 在馆    
2 0093280   000627539   第三借阅区/ [索取号:O738/1] 在馆    
3 0093281   000627557   第二样本阅览室/ [索取号:O738/1] 在馆    
唐山师范学院图书馆 欢迎您!
大连网信软件有限公司© 版权所有